• 首页
  • 本馆介绍
  • 公告通知
  • 最新文献
  • 馆藏检索
  • 电子资源
  • 读者导购
  • 参考咨询
  • 我的图书馆
  • 登录
  • 详细信息显示
  • 放入我的书架
  • 预约/预借图书
  • 作者相关作品
  • 分类相关作品
  • 丛书相关作品
  • 出版社相关作品

书目信息

  • 表格格式
  • 工作单格式
  • 卡片格式
题名:
顾客爱吃才畅销
    
 
作者: 正垣泰彦, 著 ;陶小军 , 张永亮 译
分册:  
出版信息: 北京   东方出版社  2019.07
页数: 133页
开本: 21cm
丛书名: 图解服务的细节
单 册:
中图分类: F719.3
科图分类:
主题词: 饮食业--yin shi ye--商业经营--经验--日本
电子资源:
ISBN: 978-7-5207-1057-2
000 01152nam 2200289 450
001 CAL 009661611
005 20230217093113.0
010    @a978-7-5207-1057-2@dCNY58.00
100    @a20190823d2019 em y0chiy0120 ea
101 1  @achi@cjpn
102    @aCN@b110000
105    @aa z 000yy
106    @ar
200 1  @a顾客爱吃才畅销@Agu ke ai chi cai chang xiao@f(日) 正垣泰彦著@g陶小军, 张永亮译
210    @a北京@c东方出版社@d2019.07
215    @a133页@c图@d21cm
225 2  @a图解服务的细节@Atu jie fu wu de xi jie@v088
300    @a“十三五”国家重点出版物出版规划项目
330    @a本书是作者发表于《日经餐厅》杂志上的连载编辑而成。作者解释了“给顾客安心感”“培育热销品的两大原则”“繁盛店的财务管理”“认清降价的临界点”“增加店铺时的关键点”“人才培养”“怎么强化公司自身的优势”等与市场、经营相关的课题。
410  0 @12001 @a图解服务的细节@v088
606 0  @a饮食业@Ayin shi ye@x商业经营@x经验@y日本
690    @aF719.3@v5
701  0 @a正垣泰彦,@Azheng yuan tai yan@f1946-@4著
702  0 @a陶小军@Atao xiao jun@4译
702  0 @a张永亮@Azhang yong liang@4译
801  0 @aCN@bBJXHZP@c20230228
905    @b1406976-9@dF719.3@e1377@f4
    
    顾客爱吃才畅销/(日) 正垣泰彦著/陶小军, 张永亮译.-北京:东方出版社,2019.07
    133页:图;21cm.-(图解服务的细节;088)
    “十三五”国家重点出版物出版规划项目
    
    ISBN 978-7-5207-1057-2:CNY58.00
    本书是作者发表于《日经餐厅》杂志上的连载编辑而成。作者解释了“给顾客安心感”“培育热销品的两大原则”“繁盛店的财务管理”“认清降价的临界点”“增加店铺时的关键点”“人才培养”“怎么强化公司自身的优势”等与市场、经营相关的课题。
●
相关链接 在E读中查询图书 在五车中查询图书 在当当中查询图书 在豆瓣中查询图书


正题名:顾客爱吃才畅销     索取号:F719.3/1377         预约/预借

序号 登录号 条形码 馆藏地/架位号 状态 备注
1 1406976   214069764   第一样本阅览室/ [索取号:F719.3/1377] 在馆    
2 1406977   214069773   第一借阅区/ [索取号:F719.3/1377] 在馆    
3 1406978   214069782   第一借阅区/ [索取号:F719.3/1377] 在馆    
4 1406979   214069791   第一借阅区/ [索取号:F719.3/1377] 在馆    
唐山师范学院图书馆 欢迎您!
大连网信软件有限公司© 版权所有